000 00948nas a2200289 454500
001 29632
005 20260407193508.0
008 260407s2008####ag###########|||spa#d
003 AR-UNSa-BCEJYS
040 _aAR-UNSa-BCEJYS
_bspa
_cAR-UNSa-BCEJYS
080 _a339.3
_xComercio Interior. Comercio Nacional
245 1 0 _aCámara de Comercio e Industria de Salta
_pLa revista de negocios y empresas de Salta
264 1 _aSalta :
_b[s.n.]
_c2008
310 _aFrecuencia: Mensual
505 _a
041 _aspa
942 _cSER
590 _aniveau_biblio:s niveau_hierar:1
100 1 _aCámara de Comercio e Industria de Salta
700 1 _aZozzoli, Daniel
650 _aComercio
650 _aIndustria
650 _aComercio interno
650 _aSalta
650 _aCOMERCIO MINORISTA
856 4 1 _uhttps://biblioeco.unsa.edu.ar/pmb/images/revistas/C?mara de Comercio e Industria de Salta-r14307.jpg
_yImagen de portada
_qimage/jpeg
999 _c8677
_d8677